000 00301nam a22001217a 4500
005 20250806095259.0
008 250806b |||||||| |||| 00| 0 eng d
020 _a9780521523363
_qpbk
082 _a512.9434
_bEDE
100 _aR.j.eden
245 _aThe Analytic S-matrix
_cR.j.eden
942 _cENGLISH
999 _c578709
_d578709